000
00261nam a2200109Ia 4500
005
20251222154331.0
008
251222s9999||||xx |||||||||||||| ||spa||
082
_a
869.26/G91
100
_a
"Guido, Beatriz"
245
0
_a
El incendio y las vĂsperas
942
_c
LIB
999
_c
34169
_d
34169